=LDR 00000nam 2200000 4500 =001 INLIS000000000050841 =005 20170802111636 =035 ##$$a 0010-0817000024 =007 ta =008 170802###########################0###### =020 ##$$a 978-602-6334-01-5 =082 ##$$a 899.221 830 1 =084 ##$$a 899.221 830 1 MUT a =100 #$$a Mutiara Nurul Izzati =245 1#$$a Adek Kebanggaan /$c Mutiara Nurul Izzati =260 ##$$a Solo :$b Indiva Nedia Kreasi,$c 2016 =300 ##$$a 120 hlm : $b ilus. ; $c 20 cm =650 ##$$a Kumpulan Cerpen =700 #$$a Ayu Wulan =990 ##$$a 89198919 =990 ##$$a 31701793